000 00328nam a22001457a 4500
020 _a978-0-7166-2266-6
082 _a001
_bCAR/W
100 _aCHILDCRAFT
245 _aTHE WORLD OF ANIMALS
250 _aREVISED PRINTING
260 _aUSA
_bWORLD BOOK INC
_c2013
300 _a192
650 _aENCYCLOPEDIA
_zINDIA
942 _cBK
999 _c1785
_d1785